| 000 | 00502cam a2200193 4500 | ||
|---|---|---|---|
| 001 | B1200 | ||
| 008 | 090401t1987 xxu||||| |||| 00| 0 eng d | ||
| 035 | _a(Sirsi) u43134 | ||
| 041 | _aeng | ||
| 050 | _a333.337 | ||
| 110 |
_aDebenham Tewson and Chinnocks _93135 |
||
| 245 | _aSmall freehold offices for owner-occupiers | ||
| 260 |
_aLondon _bDebenham Tewson and Chinnocks _c1987 |
||
| 300 | _a(5)p. ; 30cm. | ||
| 350 | _a19.95 | ||
| 650 | _aOWNER-OCCUPATION | ||
| 942 | _n0 | ||
| 948 | _c04/03/1997 | ||
| 999 |
_c91256 _d91256 |
||